Algebra and trigonometry / Michael, Sullivan. (Record no. 22693)

000 -LEADER
fixed length control field 01035nam a22001697a 4500
020 ## - INTERNATIONAL STANDARD BOOK NUMBER
ISBN 9780135163078
082 ## - DEWEY DECIMAL CLASSIFICATION NUMBER
Classification number 512.13
Item number M621 2020
100 ## - MAIN ENTRY--AUTHOR NAME
Personal name Michael, Sullivan, author.
245 ## - TITLE STATEMENT
Title Algebra and trigonometry / Michael, Sullivan.
250 ## - EDITION STATEMENT
Edition statement Eleventh edition
260 ## - PUBLICATION, DISTRIBUTION, ETC. (IMPRINT)
Place of publication Upper Saddle River ; NJ :
Name of publisher Pearson,
Year of publication ©2020.
300 ## - PHYSICAL DESCRIPTION
Number of Pages 1 online resource, xviii, 1037 pages :
Other physical details illustrations (some color)
500 ## - GENERAL NOTE
General note Includes bibliographical references and index
520 ## - SUMMARY, ETC.
Summary, etc This textbook provides a comprehensive exploration of algebraic principles and trigonometric functions, designed to prepare students for higher-level mathematics such as calculus.The eleventh edition emphasizes conceptual understanding and problem-solving through the "Prepare, Practice, and Review" model. Key topics include linear and quadratic functions, polynomial and rational functions, exponential and logarithmic equations, trigonometric identities, and applications of trigonometry.
650 ## - SUBJECT ADDED ENTRY--TOPICAL TERM
Topical Term Algebra
-- Trigonometry
942 ## - ADDED ENTRY ELEMENTS (KOHA)
Koha item type Electronic Books
Holdings
Source of acquisition Permanent Location Date acquired Collection code Koha item type Lost status Shelving location Withdrawn status Current Location Full call number
DonationCagayan State University - Carig Library2026-04-18E-BooksBooks E-Resource Section Cagayan State University - Carig Library512.13 M621 2020

Cagayan State University University Library, Carig Campus
Tuguegarao City, Cagayan 3500 | www.csucarig.edu.ph

Powered by Koha